00285 2200145 4500001002100000005001500021035002000036245001800056100000600074300001200080260001500092082000800107084001200115990001200127INLIS00000000000166420250429100733 a0010-04250000801 aBarzanji /c-0 a- a224 hlm a- :b-,c- a297 a297 BAR a0754676